000 00560nam a22002297a 4500
003 UA-OsUOA
001 49437
007 ta
008 20071004b un ||||| |||| 00| 0 ukr d
100 _aСтратилат М.
090 _a084
_bС83
942 _cBK
040 _aUA-OsUOA
_bukr
_cUA-OsUOA
_dUA-OsUOA
245 _aПоезія в образах
300 _a464 с.
955 _a3
041 _aukr
080 _a084
260 _aК.
_bЛогос
_c2001
650 7 _a08 Видання. Колективні праці
_2UDC
999 _c335543
_d335543